000 00712nam a2200229 a 4500
001 000023391
005 20200930022203.0
008 101206s|||| |||a r 000 0 spa d
040 _aDO-SdBNP
_bspa
_cBNPHU
082 _a932
_bB456d
100 1 _aBenavides, Rodolfo,
_948188
245 1 0 _aDramáticas profecías de la gran pirámide /
_cRodolfo Benavides.
260 _a[s.l] :
_bRodolfo Benavides,
_c[s.f.].
300 _a413 p. :
_bil. ;
_c19 cm.
490 1 _aLa senda viviente
504 _aIncluye notas al pie de las páginas.
650 4 _aPirámides
_948189
650 4 _aProfecías
_99231
650 4 _aEgipto
_xDescripciones y viajes
_948190
830 3 _aLa senda viviente
_948191
049 _aBNGR
999 _c22888
_d22888